Экономика услуг как инструмент достижения целей экономики замкнутого цикла; Экономика России в XXI веке; Т. 1

Dettagli Bibliografici
Parent link:Экономика России в XXI веке: сборник научных трудов XI Международной научно-практической конференции "Экономические науки и прикладные исследования: фундаментальные проблемы модернизации экономики России", посвященной 110-летию экономического образования в Томском политехническом университете, г. Томск, 18-22 ноября 2014 г./ Национальный исследовательский Томский политехнический университет (ТПУ) ; ред. кол. Г. А. Барышева [и др.].— , 2014
Т. 1.— 2014.— [С. 49-54]
Autore principale: Калиужный Б.
Ente Autore: Национальный исследовательский Томский политехнический университет (ТПУ) Институт социально-гуманитарных технологий (ИСГТ) Кафедра экономики (ЭКОН)
Altri autori: Шелудякова И. Г. Ирина Геннадьевна (научный руководитель)
Riassunto:Заглавие с титульного экрана
В статье рассматривается новая схема экономики - модель экономики замкнутого цикла (ЭЗЦ). Исследуются принципы функционирования экономики услуг, одного из основных инструментов реализации ЭЗЦ. Демонстрируются преимущества перехода на новую модель экономики. Приводится успешный пример следования принципам экономики услуг фирмой "Xerox".
Lingua:russo
Pubblicazione: 2014
Serie:Проблемы теории и методологии экономической науки
Soggetti:
Accesso online:http://www.lib.tpu.ru/fulltext/c/2014/C40/V1/010.pdf
Natura: MixedMaterials Elettronico Capitolo di libro
KOHA link:https://koha.lib.tpu.ru/cgi-bin/koha/opac-detail.pl?biblionumber=610003

MARC

LEADER 00000naa2a2200000 4500
001 610003
005 20260331085101.0
035 |a (RuTPU)RU\TPU\conf\7578 
035 |a RU\TPU\conf\7577 
090 |a 610003 
100 |a 20141219d2014 k y0rusy50 ca 
101 0 |a rus 
102 |a RU 
135 |a drcn ---uucaa 
181 0 |a i  
182 0 |a b 
200 1 |a Экономика услуг как инструмент достижения целей экономики замкнутого цикла  |f Б. Калиужный  |g науч. рук. И. Г. Шелудякова 
203 |a Текст  |c электронный 
225 1 |a Проблемы теории и методологии экономической науки 
300 |a Заглавие с титульного экрана 
320 |a [Библиогр.: с. 54 (5 назв.)] 
330 |a В статье рассматривается новая схема экономики - модель экономики замкнутого цикла (ЭЗЦ). Исследуются принципы функционирования экономики услуг, одного из основных инструментов реализации ЭЗЦ. Демонстрируются преимущества перехода на новую модель экономики. Приводится успешный пример следования принципам экономики услуг фирмой "Xerox". 
337 |a Adobe Reader 
461 1 |0 (RuTPU)RU\TPU\conf\7533  |t Экономика России в XXI веке  |o сборник научных трудов XI Международной научно-практической конференции "Экономические науки и прикладные исследования: фундаментальные проблемы модернизации экономики России", посвященной 110-летию экономического образования в Томском политехническом университете, г. Томск, 18-22 ноября 2014 г.  |o в 2 т.  |f Национальный исследовательский Томский политехнический университет (ТПУ) ; ред. кол. Г. А. Барышева [и др.]  |d 2014 
463 0 |0 (RuTPU)RU\TPU\conf\7535  |t Т. 1  |v [С. 49-54]  |d 2014 
610 1 |a труды учёных ТПУ 
610 1 |a электронный ресурс 
610 1 |a экономика 
610 1 |a услуги 
610 1 |a достижения 
610 1 |a замкнутые циклы 
610 1 |a экономика замкнутого цикла 
610 1 |a Xerox 
700 1 |a Калиужный  |b Б. 
702 1 |a Шелудякова  |b И. Г.  |c экономист  |c старший преподаватель Томского политехнического университета  |f 1974-  |g Ирина Геннадьевна  |4 727 
712 0 2 |a Национальный исследовательский Томский политехнический университет (ТПУ)  |b Институт социально-гуманитарных технологий (ИСГТ)  |b Кафедра экономики (ЭКОН)  |3 (RuTPU)RU\TPU\col\18375 
801 2 |a RU  |b 63413507  |c 20141219  |g RCR 
856 4 |u http://www.lib.tpu.ru/fulltext/c/2014/C40/V1/010.pdf 
942 |c BK